000
00304 a2200109 4500
001
ART_25791
005
20260410161601.0
008
260409a
245
1
0
_a
Contabilidad
100
1
_a
Herrscher, Enrique G.
773
0
_t
Profesional & Empresaria
_g
- Año VII, Nº 76 (ene. 2006)
_w
REV70
999
_c
9754
_d
9754